| 000 | 01186nam a2200313Ia 4500 | ||
|---|---|---|---|
| 001 | ebr5003261 | ||
| 003 | CaPaEBR | ||
| 006 | m u | ||
| 007 | cr cn||||||||| | ||
| 008 | 870727s1988 nyu sb 001 0 eng d | ||
| 010 | _z 87020623 | ||
| 020 | _z0415001730 (pbk.) | ||
| 020 | _z0415004128 | ||
| 040 |
_aCaPaEBR _cCaPaEBR |
||
| 035 | _a(OCoLC)70754257 | ||
| 050 | 1 | 4 |
_aB828.3 _b.L39 1988eb |
| 082 | 0 | 4 |
_a149/.8 _219 |
| 100 | 1 |
_aKleinberg-Levin, David Michael, _d1939- |
|
| 245 | 1 | 4 |
_aThe opening of vision _h[electronic resource] : _bnihilism and the postmodern situation / _cD.M. Levin. |
| 260 |
_aNew York : _bRoutledge, _c1988. |
||
| 300 | _axii, 560 p. | ||
| 504 | _aIncludes bibliography (p. 537-550) and index. | ||
| 533 |
_aElectronic reproduction. _bPalo Alto, Calif. : _cebrary, _d2013. _nAvailable via World Wide Web. _nAccess may be limited to ebrary affiliated libraries. |
||
| 650 | 0 |
_aCivilization, Modern _y1950- |
|
| 650 | 0 | _aNihilism (Philosophy) | |
| 655 | 7 |
_aElectronic books. _2local |
|
| 710 | 2 | _aebrary, Inc. | |
| 856 | 4 | 0 |
_uhttp://site.ebrary.com/lib/rucke/Doc?id=5003261 _zAn electronic book accessible through the World Wide Web; click to view |
| 999 |
_c1844 _d1844 |
||